Анализ языковых потребностей студентов неязыкового вуза как основа для разработки рабочей программы по профессиональному иностранному языку; Филологические науки. Вопросы теории и практики; № 5 (47), ч. 1
| Parent link: | Филологические науки. Вопросы теории и практики.— , 2008- № 5 (47), ч. 1.— 2015.— [С. 143-146] |
|---|---|
| Päätekijä: | |
| Yhteisötekijä: | |
| Yhteenveto: | Заглавие с экрана В статье представлен анализ языковых потребностей студентов старших курсов Национального исследовательского Томского политехнического университета, которые необходимо учитывать при разработке программы по профессиональному иностранному языку. Как показали результаты анкетирования, не все студенты имеют высокую мотивацию к его изучению, у большинства отсутствует четкое представление о сферах его употребления. The article presents the analysis of linguistic needs of senior students of the National Research Tomsk Polytechnic University, which are necessary to take into consideration while developing programs in professional foreign language. As the results of the questionnaire survey show, not all students have a high motivation to its learning; the majority lacks the clear vision of spheres of its application. Режим доступа: по договору с организацией-держателем ресурса |
| Kieli: | venäjä |
| Julkaistu: |
2015
|
| Sarja: | Педагогические науки |
| Aiheet: | |
| Linkit: | http://elibrary.ru/item.asp?id=23306061 http://www.gramota.net/materials/2/2015/5-1/36.html |
| Aineistotyyppi: | Elektroninen Kirjan osa |
| KOHA link: | https://koha.lib.tpu.ru/cgi-bin/koha/opac-detail.pl?biblionumber=647924 |
MARC
| LEADER | 00000naa0a2200000 4500 | ||
|---|---|---|---|
| 001 | 647924 | ||
| 005 | 20250218130039.0 | ||
| 035 | |a (RuTPU)RU\TPU\network\13081 | ||
| 035 | |a RU\TPU\network\12388 | ||
| 090 | |a 647924 | ||
| 100 | |a 20160428a2015 k y0rusy50 ca | ||
| 101 | 0 | |a rus | |
| 102 | |a RU | ||
| 135 | |a drcn ---uucaa | ||
| 181 | 0 | |a i | |
| 182 | 0 | |a b | |
| 200 | 1 | |a Анализ языковых потребностей студентов неязыкового вуза как основа для разработки рабочей программы по профессиональному иностранному языку |d Analysis of linguistic needs of students of non-linguistic institution of higher education as a basis for the development of working program on professional foreign language |f И. А. Матвеенко | |
| 203 | |a Текст |c электронный | ||
| 225 | 1 | |a Педагогические науки | |
| 300 | |a Заглавие с экрана | ||
| 320 | |a [Библиогр.: с. 145 (4 назв.)] | ||
| 330 | |a В статье представлен анализ языковых потребностей студентов старших курсов Национального исследовательского Томского политехнического университета, которые необходимо учитывать при разработке программы по профессиональному иностранному языку. Как показали результаты анкетирования, не все студенты имеют высокую мотивацию к его изучению, у большинства отсутствует четкое представление о сферах его употребления. | ||
| 330 | |a The article presents the analysis of linguistic needs of senior students of the National Research Tomsk Polytechnic University, which are necessary to take into consideration while developing programs in professional foreign language. As the results of the questionnaire survey show, not all students have a high motivation to its learning; the majority lacks the clear vision of spheres of its application. | ||
| 333 | |a Режим доступа: по договору с организацией-держателем ресурса | ||
| 461 | |t Филологические науки. Вопросы теории и практики |d 2008- | ||
| 463 | |t № 5 (47), ч. 1 |v [С. 143-146] |d 2015 | ||
| 510 | 1 | |a Analysis of linguistic needs of students of non-linguistic institution of higher education as a basis for the development of working program on professional foreign language |z eng | |
| 610 | 1 | |a труды учёных ТПУ | |
| 610 | 1 | |a электронный ресурс | |
| 610 | 1 | |a профессиональный иностранный язык | |
| 610 | 1 | |a анкетирование | |
| 610 | 1 | |a рабочая программа | |
| 610 | 1 | |a мотивация | |
| 700 | 1 | |a Матвеенко |b И. А. |c лингвист |c профессор Томского политехнического университета, доктор филологических наук |f 1967- |g Ирина Алексеевна |3 (RuTPU)RU\TPU\pers\27693 |9 12767 | |
| 712 | 0 | 2 | |a Национальный исследовательский Томский политехнический университет |b Институт природных ресурсов |b Кафедра иностранных языков |3 (RuTPU)RU\TPU\col\18662 |9 27115 |
| 801 | 1 | |a RU |b 63413507 |c 20120619 | |
| 801 | 2 | |a RU |b 63413507 |c 20160428 |g RCR | |
| 856 | 4 | 0 | |u http://elibrary.ru/item.asp?id=23306061 |
| 856 | 4 | 0 | |u http://www.gramota.net/materials/2/2015/5-1/36.html |
| 942 | |c CF | ||